000 00482nam a2200181Ia 4500
005 20250508150231.0
008 008 250505s9999 xx 000 0 eng d
037 _aTextual
040 _aFEDL
_beng
_cFEDL
041 _aeng
_2eng
084 _a171, RAP
_qFEDL
100 _aRaphael Daiches D.
_9756197
245 0 _aMoral sense
260 _aLondon, UK
_bOxford University Press
_c1947
300 _a201p
942 _cTEXL
_h171, RAP
999 _c1322541
_d1322541